[Event "Commonwealth-ch"]
[Site "Chennai"]
[Date "2012.11.26"]
[Round "6"]
[White "Anilkumar, OT."]
[Black "Aarthi, G."]
[Result "1-0"]
[WhiteElo "2173"]
[BlackElo "1770"]
[PlyCount "81"]
[EventDate "2012.11.23"]
[EventType "swiss"]
[EventRounds "11"]
[EventCountry "IND"]
[SourceTitle "CBM 151 Extra"]
[Source "ChessBase"]
[SourceDate "2012.12.18"]
[SourceVersion "1"]
[SourceVersionDate "2012.12.18"]
[SourceQuality "1"]

1. Nf3 d5 2. c4 e6 3. g3 Nf6 4. Bg2 c5 5. 0-0 Be7 6. b3 0-0 7. e3 Nc6 8. d4 Ne4 9. dxc5 Bf6 10. Nd4 Nxc5 11. cxd5 exd5 12. Nc3 Nxd4 13. exd4 Ne6 14. Be3 Nc7 15. Bf4 Be6 16. Rc1 Rc8 17. Qd2 Qd7 18. Be5 Bd8 19. a4 f6 20. Bf4 Ne8 21. b4 Rc4 22. Nb5 a6 23. Rxc4 dxc4 24. Nc3 Be7 25. Qb2 Nc7 26. d5 Bf5 27. Rd1 Bd3 28. b5 a5 29. d6 Bxd6 30. Bxd6 Qxd6 31. Bxb7 Qb6 32. Bc6 f5 33. Qa3 Qd4 34. Ne2 Qe5 35. Nf4 Be4 36. Qe3 c3 37. f3 c2 38. Re1 Rd8 39. fxe4 Qb2 40. exf5 Rd1 41. Bd5+ 1-0

[Event "Runwal Memorial op U15 Girls 29th"]
[Site "Mumbai"]
[Date "2012.09.24"]
[Round "8"]
[White "Parnali, S Dharia"]
[Black "Aarthi, G."]
[Result "1-0"]
[WhiteElo "1888"]
[BlackElo "1770"]
[PlyCount "131"]
[EventDate "2012.09.18"]
[EventType "swiss"]
[EventRounds "11"]
[EventCountry "IND"]
[SourceTitle "EXT 2013"]
[Source "ChessBase"]
[SourceDate "2012.11.22"]
[SourceVersion "1"]
[SourceVersionDate "2012.11.22"]
[SourceQuality "1"]

1. d4 d5 2. c4 e6 3. Nf3 Nf6 4. g3 Be7 5. Bg2 Nbd7 6. Qc2 b6 7. 0-0 Bb7 8. Nbd2 c5 9. cxd5 Nxd5 10. Qa4 0-0 11. Ne5 Nxe5 12. dxe5 Qc7 13. Nf3 a6 14. Qg4 Rfd8 15. Bh6 Bf8 16. Rac1 b5 17. h4 Kh8 18. Bd2 f5 19. exf6 Nxf6 20. Qh3 e5 21. Bc3 Bd6 22. Ng5 Bxg2 23. Qxg2 Qe7 24. Rfd1 Rac8 25. Ba5 Rf8 26. Qh3 Bb8 27. Qe6 Qb7 28. Rd8 h6 29. Nf7+ Kh7 30. Rxf8 Rxf8 31. Nxe5 Bxe5 32. Qf5+ Kh8 33. Qxe5 Ng4 34. Qxc5 Rxf2 35. Qc8+ Qxc8 36. Rxc8+ Kh7 37. Re8 Rf7 38. Re6 Rf6 39. Re7 h5 40. Bc3 Rg6 41. Kg2 Nh6 42. Re5 Rg4 43. Rxh5 Kg6 44. Rc5 Nf5 45. Be5 Re4 46. Kf3 Re3+ 47. Kf2 Re4 48. Rc6+ Kh5 49. Bc7 Nd4 50. Rc5+ Kg4 51. Rg5+ Kh3 52. Re5 Rg4 53. e3 Nc6 54. Rc5 Nb4 55. Kf3 Nd3 56. Rd5 Ne1+ 57. Kf2 Nc2 58. Kf3 Rc4 59. Rd1 Kh2 60. Bd6 Rg4 61. Rd2+ Kh3 62. Rxc2 Rg6 63. Bf4 Rf6 64. Rc1 Kh2 65. g4+ Rxf4+ 66. Kxf4 1-0

[Event "Runwal Memorial op U15 Girls 29th"]
[Site "Mumbai"]
[Date "2012.09.20"]
[Round "3"]
[White "Varshini, Veileven"]
[Black "Aarthi, G."]
[Result "0-1"]
[WhiteElo "1909"]
[BlackElo "1770"]
[PlyCount "80"]
[EventDate "2012.09.18"]
[EventType "swiss"]
[EventRounds "11"]
[EventCountry "IND"]
[SourceTitle "EXT 2013"]
[Source "ChessBase"]
[SourceDate "2012.11.22"]
[SourceVersion "1"]
[SourceVersionDate "2012.11.22"]
[SourceQuality "1"]

1. e4 c5 2. Nc3 a6 3. d3 d6 4. g3 g6 5. Bg2 Bg7 6. Nge2 e6 7. 0-0 Ne7 8. Be3 Nbc6 9. d4 cxd4 10. Nxd4 0-0 11. Nce2 Ne5 12. h3 Nc4 13. Bc1 e5 14. Nb3 b5 15. Nd2 Nb6 16. b3 Bb7 17. Bb2 d5 18. f4 dxe4 19. Nxe4 Nf5 20. Qc1 Nd5 21. Bh1 Nde3 22. Re1 Qb6 23. Kh2 Rac8 24. c3 Nh6 25. Ng1 Neg4+ 26. hxg4 Nxg4+ 27. Kh3 f5 28. Re2 fxe4 29. Qe1 exf4 30. gxf4 Rxf4 31. Qg3 g5 32. Rd1 Qh6+ 33. Kg2 e3+ 34. Nf3 Bxf3+ 35. Qxf3 Rxf3 36. Kxf3 Qh3+ 37. Ke4 Re8+ 38. Kd3 Rd8+ 39. Kc2 Rxd1 40. Kxd1 Qxh1+ 0-1